[Event "EU-ch U12"]
[Site "Batumi"]
[Date "2010.09.20"]
[Round "1"]
[White "Chachkhiani, Vakhtang"]
[Black "Kozionov, Kirill"]
[Result "0-1"]
[WhiteElo "1611"]
[BlackElo "2093"]
[PlyCount "76"]
[EventDate "2010.09.20"]
[EventType "swiss"]
[EventRounds "9"]
[EventCountry "GEO"]
[SourceTitle "CBM 138 Extra"]
[Source "ChessBase"]
[SourceDate "2010.10.29"]
[SourceVersion "1"]
[SourceVersionDate "2010.10.29"]
[SourceQuality "1"]

1. c4 Nf6 2. Nc3 e5 3. g3 c6 4. Bg2 d5 5. cxd5 cxd5 6. d4 exd4 7. Qxd4 Nc6 8. Qd1 d4 9. Ne4 Nxe4 10. Bxe4 Be7 11. a3 0-0 12. Nf3 Bf6 13. Qc2 h6 14. Bf4 Be6 15. 0-0 Rc8 16. Qd3 g5 17. Bd2 Bg7 18. h4 g4 19. Nh2 Ne5 20. Qb1 Qb6 21. e3 Nc4 22. Bb4 Rfd8 23. exd4 Rxd4 24. Bf5 Nd2 25. Bxd2 Rxd2 26. Bxe6 Qxe6 27. Re1 Qf6 28. Nxg4 Qf3 29. Qe4 Qxe4 30. Rxe4 f5 31. Nxh6+ Bxh6 32. Re5 f4 33. Re6 Bg7 34. gxf4 Bxb2 35. Rae1 Bxa3 36. Re8+ Rxe8 37. Rxe8+ Kg7 38. Rc8 Rd7 0-1